Gaming Quiz

Random Gaming or Pokémon Quiz

Bug Type Pokémon Quiz Stats

 Plays Quiz not verified by Sporcle

Challenge
Share
Tweet
Embed
Score 0/64 Timer 10:00
0 Plays Today
Name % Correct
Caterpie
100%
Metapod
100%
Butterfree
100%
Weedle
100%
Kakuna
100%
Beedrill
100%
Paras
100%
Parasect
100%
Venonat
100%
Venomoth
100%
Scyther
100%
Pinsir
100%
Ledyba
100%
Ledian
100%
Spinarak
100%
Ariados
100%
Pineco
100%
Forretress
100%
Heracross
100%
Wurmple
100%
Silcoon
100%
Beautifly
100%
Cascoon
100%
Dustox
100%
Scizor
92.9%
Surskit
92.9%
Masquerain
92.9%
Nincada
92.9%
Ninjask
92.9%
Shedinja
92.9%
Genesect
92.9%
Yanma
85.7%
Name % Correct
Shuckle
85.7%
Volbeat
85.7%
Illumise
85.7%
Kricketot
85.7%
Kricketune
85.7%
Burmy
85.7%
Wormadam
85.7%
Mothim
85.7%
Yanmega
85.7%
Sewaddle
85.7%
Swadloon
85.7%
Leavanny
85.7%
Joltik
85.7%
Galvantula
85.7%
Venipede
78.6%
Whirlipede
78.6%
Scolipede
78.6%
Karrablast
78.6%
Escavalier
78.6%
Volcarona
78.6%
Anorith
71.4%
Armaldo
71.4%
Combee
71.4%
Vespiquen
71.4%
Shelmet
71.4%
Larvesta
71.4%
Skorupi
64.3%
Dwebble
64.3%
Accelgor
64.3%
Durant
64.3%
Crustle
57.1%
Arceus
42.9%

You're not logged in!

Compare scores with friends on all Sporcle quizzes.
OR
Log In

You Might Also Like...

Show Comments

Extras

Created Jul 31, 2011ReportNominate
Tags:Pokémon Quiz, bug

Top Quizzes Today


Score Distribution

Your Account Isn't Verified!

In order to create a playlist on Sporcle, you need to verify the email address you used during registration. Go to your Sporcle Settings to finish the process.

Report this User

Report this user for behavior that violates our Community Guidelines.

Details: